El asilo y la protección internacional de los refugiados en América Latina (Registro nro. 6222)

Detalles MARC
000 -LEADER
fixed length control field 00956 a2200241 4500
001 - CONTROL NUMBER
control field 57695
005 - DATE AND TIME OF LATEST TRANSACTION
control field 20260407155836.0
008 - FIXED-LENGTH DATA ELEMENTS--GENERAL INFORMATION
fixed length control field 260407a2003 arg spa d
003 - CONTROL NUMBER IDENTIFIER
control field AR-UNSa-BCEJYS
040 ## - CATALOGING SOURCE
Original cataloging agency AR-UNSa-BCEJYS
Language of cataloging spa
Transcribing agency AR-UNSa-BCEJYS
080 ## - UNIVERSAL DECIMAL CLASSIFICATION NUMBER
Universal Decimal Classification number 341.43
Common auxiliary subdivision Expulsión. Repatriación. Deportación. Refugiados políticos. Derecho de asilo
020 ## - INTERNATIONAL STANDARD BOOK NUMBER
International Standard Book Number 987-1105-33-9
041 ## - LANGUAGE CODE
Language code of text/sound track or separate title spa
100 1# - MAIN ENTRY--PERSONAL NAME
Personal name Franco, Leonardo
245 10 - TITLE STATEMENT
Title El asilo y la protección internacional de los refugiados en América Latina
Name of part/section of a work Análisis crítico del dualismo "asilo-refugio" a la luz del derecho internacional de los derechos humanos
264 #1 - PRODUCTION, PUBLICATION, DISTRIBUTION, MANUFACTURE, AND COPYRIGHT NOTICE
Place of production, publication, distribution, manufacture Buenos Aires :
Name of producer, publisher, distributor, manufacturer Siglo XXI Editores Argentina
Date of production, publication, distribution, manufacture, or copyright notice 2003
300 ## - PHYSICAL DESCRIPTION
Extent 502 p.
Dimensions 23 cm.
505 ## - FORMATTED CONTENTS NOTE
Formatted contents note 1. Informe general de la investigación – 2. Estudios
590 ## - LOCAL NOTE (RLIN)
Local note niveau_biblio:m niveau_hierar:0
700 1# - ADDED ENTRY--PERSONAL NAME
Personal name Universidad Nacional de Lanús. Centro de Derechos Humanos
700 1# - ADDED ENTRY--PERSONAL NAME
Personal name ACNUR
942 ## - ADDED ENTRY ELEMENTS (KOHA)
Koha item type
Existencias
Withdrawn status Lost status Damaged status Not for loan Home library Current library Shelving location Date acquired Total checkouts Full call number Barcode Date last seen Price effective from Koha item type
        Biblioteca Prof. Eusebio Cleto del Rey Biblioteca Prof. Eusebio Cleto del Rey   07/04/2026   341.43 F814 L128796 07/04/2026 07/04/2026 Libro